[Event "Mike Shpan mem."]
[Site "Winnipeg CAN"]
[Date "2008.12.16"]
[Round "6"]
[White "Repa, Jason"]
[Black "Lauritson, Jim"]
[Result "0-1"]
[WhiteElo "2010"]
[BlackElo "1933"]
[PlyCount "43"]
[GameId "2160767910294526"]
[EventDate "2008.11.04"]
[EventType "swiss"]
[EventRounds "6"]
[EventCountry "CAN"]
[SourceTitle "EXT 2011"]
[Source "ChessBase"]
[SourceDate "2011.11.26"]
[SourceVersion "1"]
[SourceVersionDate "2011.11.26"]
[SourceQuality "1"]

1. f4 d5 2. Nf3 Bg4 3. e3 Nd7 4. h3 Bxf3 5. Qxf3 c6 6. b3 e5 7. Nc3 Ngf6 8. Be2 Bd6 9. O-O exf4 10. exf4 O-O 11. Bb2 Qb6+ 12. Kh1 Rae8 13. Bd3 Qc7 14. g4 Nc5 15. g5 Nfe4 16. Bxe4 Nxe4 17. Rae1 Re7 18. Ne2 Rfe8 19. Nd4 g6 20. Qg4 Qa5 21. Nf3 Qxa2 22. Rb1 0-1

[Event "Monarque noir-Tch"]
[Site "Gatineau CAN"]
[Date "2008.01.15"]
[Round "1"]
[White "Arsenault, Michel"]
[Black "Levesque, Andre"]
[Result "1-0"]
[WhiteElo "2006"]
[BlackElo "1429"]
[PlyCount "91"]
[GameId "2160767910442528"]
[EventDate "2008.01.15"]
[EventType "team-swiss"]
[EventRounds "7"]
[EventCountry "CAN"]
[SourceTitle "EXT 2011"]
[Source "ChessBase"]
[SourceDate "2011.11.26"]
[SourceVersion "1"]
[SourceVersionDate "2011.11.26"]
[SourceQuality "1"]

1. c4 f5 2. g3 Nf6 3. Bg2 e6 4. Nf3 Be7 5. O-O O-O 6. b3 d6 7. Bb2 Qe8 8. d3 Nbd7 9. Nc3 c6 10. a3 a5 11. b4 axb4 12. axb4 Rxa1 13. Bxa1 d5 14. Qb3 h6 15. cxd5 exd5 16. e4 fxe4 17. dxe4 Qf7 18. exd5 Nxd5 19. Nxd5 Qxd5 20. Qxd5+ cxd5 21. Ne5 Nxe5 22. Bxe5 Be6 23. Bc3 Rc8 24. Re1 Rxc3 25. Rxe6 Rc1+ 26. Bf1 Bxb4 27. Kg2 d4 28. Rb6 Bc3 29. Rxb7 Rd1 30. Rd7 Kf8 31. h4 Be1 32. Kf3 Rd2 33. Be2 Ke8 34. Rxg7 d3 35. Bxd3 Rxd3+ 36. Ke2 Kf8 37. Rb7 Rd4 38. Kxe1 Ra4 39. Kf1 Kg8 40. Kg2 Kh8 41. Kh3 Kg8 42. f4 Ra5 43. Re7 h5 44. Re5 Rxe5 45. fxe5 Kf7 46. g4 1-0

[Event "Monarque noir-Tch"]
[Site "Gatineau CAN"]
[Date "2008.01.15"]
[Round "1"]
[White "Arsenault, Yves"]
[Black "Cossette, Daniel"]
[Result "0-1"]
[WhiteElo "1503"]
[BlackElo "2125"]
[PlyCount "68"]
[GameId "2160767910442529"]
[EventDate "2008.01.15"]
[EventType "team-swiss"]
[EventRounds "7"]
[EventCountry "CAN"]
[SourceTitle "EXT 2011"]
[Source "ChessBase"]
[SourceDate "2011.11.26"]
[SourceVersion "1"]
[SourceVersionDate "2011.11.26"]
[SourceQuality "1"]

1. e4 c5 2. Nf3 Nc6 3. d4 cxd4 4. Nxd4 Nf6 5. Nc3 g6 6. Bc4 Bg7 7. Be3 O-O 8. O-O Nxe4 9. Bxf7+ Rxf7 10. Nxe4 h6 11. c3 d5 12. Nc5 Nxd4 13. Bxd4 e5 14. Be3 b6 15. Nd3 Ba6 16. Re1 d4 17. cxd4 exd4 18. Bxh6 Bxh6 19. Ne5 Re7 20. Nxg6 Rxe1+ 21. Qxe1 Qe8 22. Ne7+ Kf7 23. Nf5 Qxe1+ 24. Rxe1 Bg7 25. Re7+ Kf6 26. Rxg7 Kxf5 27. g4+ Ke6 28. Rg6+ Ke5 29. Rg7 Rd8 30. Rxa7 d3 31. Re7+ Kf4 32. h3 d2 33. Rf7+ Ke5 34. f4+ Ke6 0-1

[Event "Monarque noir-Tch"]
[Site "Gatineau CAN"]
[Date "2008.01.15"]
[Round "1"]
[White "Chirokova, Elena"]
[Black "Danilov, Alex"]
[Result "0-1"]
[WhiteElo "1353"]
[BlackElo "1908"]
[PlyCount "49"]
[GameId "2160767910442530"]
[EventDate "2008.01.15"]
[EventType "team-swiss"]
[EventRounds "7"]
[EventCountry "CAN"]
[SourceTitle "EXT 2011"]
[Source "ChessBase"]
[SourceDate "2011.11.26"]
[SourceVersion "1"]
[SourceVersionDate "2011.11.26"]
[SourceQuality "1"]

1. e4 c5 2. Bc4 e6 3. Nc3 a6 4. a4 Nc6 5. Nf3 g6 6. d3 Bg7 7. Be3 d6 8. O-O Nge7 9. Re1 O-O 10. Bg5 Qc7 11. Qd2 Bd7 12. Bh6 Nd4 13. Nxd4 cxd4 14. Ne2 e5 15. c3 b6 16. Bxg7 Kxg7 17. Bb3 b5 18. cxd4 f5 19. Qg5 Bc6 20. exf5 Rxf5 21. Qg4 Qc8 22. Ng3 Rxf2 23. Qxc8 Rxg2+ 24. Kf1 Rxc8 25. Ra2 0-1

[Event "Monarque noir-Tch"]
[Site "Gatineau CAN"]
[Date "2008.01.15"]
[Round "1"]
[White "Duret, Serge"]
[Black "Thompson, Daniel"]
[Result "0-1"]
[WhiteElo "1035"]
[BlackElo "1639"]
[PlyCount "78"]
[GameId "2160767910442531"]
[EventDate "2008.01.15"]
[EventType "team-swiss"]
[EventRounds "7"]
[EventCountry "CAN"]
[SourceTitle "EXT 2011"]
[Source "ChessBase"]
[SourceDate "2011.11.26"]
[SourceVersion "1"]
[SourceVersionDate "2011.11.26"]
[SourceQuality "1"]

1. e4 c6 2. Nc3 d5 3. d4 dxe4 4. Nxe4 Nd7 5. Nf3 Ngf6 6. Bd3 Nxe4 7. Bxe4 Nf6 8. Qe2 Nxe4 9. Qxe4 Be6 10. O-O Bd5 11. Qf4 Bxf3 12. Qxf3 Qxd4 13. Rd1 Qf6 14. Qd3 Qd6 15. Bf4 Qxd3 16. Rxd3 Rd8 17. Rad1 Rxd3 18. Rxd3 e6 19. Bc7 Be7 20. Bd6 Bxd6 21. Rxd6 Ke7 22. Rd3 Rd8 23. Rxd8 Kxd8 24. f3 Kd7 25. h4 Kd6 26. g4 f5 27. g5 Ke5 28. Kf2 Kf4 29. Ke2 e5 30. c4 c5 31. a4 a5 32. b3 e4 33. fxe4 Kxe4 34. Kf2 Kf4 35. Ke2 Kg3 36. Ke3 f4+ 37. Ke4 f3 38. Kf5 f2 39. h5 f1=Q+ 0-1

[Event "Monarque noir-Tch"]
[Site "Gatineau CAN"]
[Date "2008.01.15"]
[Round "1"]
[White "Forget, David"]
[Black "Maisonneuve, Paul"]
[Result "1-0"]
[WhiteElo "1930"]
[BlackElo "1395"]
[PlyCount "39"]
[GameId "2160767910442532"]
[EventDate "2008.01.15"]
[EventType "team-swiss"]
[EventRounds "7"]
[EventCountry "CAN"]
[SourceTitle "EXT 2011"]
[Source "ChessBase"]
[SourceDate "2011.11.26"]
[SourceVersion "1"]
[SourceVersionDate "2011.11.26"]
[SourceQuality "1"]

1. d4 Nf6 2. c4 g6 3. Nc3 Bg7 4. e4 d6 5. Nf3 c5 6. d5 O-O 7. Be2 Nbd7 8. O-O Ng4 9. Ng5 Ngf6 10. f4 h6 11. Nf3 Ne8 12. Kh1 Kh7 13. Be3 b6 14. Qd2 f5 15. exf5 Rxf5 16. Bd3 Rf6 17. Ne4 Rf7 18. Neg5+ hxg5 19. Nxg5+ Kg8 20. Ne6 1-0

[Event "Monarque noir-Tch"]
[Site "Gatineau CAN"]
[Date "2008.01.15"]
[Round "1"]
[White "Guimond, Michel"]
[Black "Kennedy, Phillip"]
[Result "1-0"]
[WhiteElo "1854"]
[BlackElo "1337"]
[PlyCount "57"]
[GameId "2160767910442533"]
[EventDate "2008.01.15"]
[EventType "team-swiss"]
[EventRounds "7"]
[EventCountry "CAN"]

1. e4 c5 2. Nf3 Nc6 3. d4 cxd4 4. Nxd4 g6 5. Be3 Bg7 6. Nc3 Nf6 7. Nxc6 bxc6 8. e5 Ng8 9. f4 e6 10. Ne4 Ne7 11. Nd6+ Kf8 12. Bc5 Kg8 13. h4 Nd5 14. Qd2 Bf8 15. c4 Bxd6 16. Bxd6 Ne7 17. g4 h5 18. Qb4 c5 19. Qxc5 Nc6 20. Bg2 Bb7 21. gxh5 Rxh5 22. O-O-O Rxh4 23. Bxc6 Rxh1 24. Bxh1 Bxh1 25. Be7 Qb6 26. Qxb6 axb6 27. Rxh1 Rxa2 28. Kb1 Ra8 29. Bf6 1-0

[Event "Monarque noir-Tch"]
[Site "Gatineau CAN"]
[Date "2008.01.15"]
[Round "1"]
[White "Jiang, Qizhe"]
[Black "Dupont, Claude"]
[Result "1-0"]
[WhiteElo "935"]
[BlackElo "1513"]
[PlyCount "59"]
[GameId "2160767738598422"]
[EventDate "2008.01.15"]
[EventType "team-swiss"]
[EventRounds "7"]
[EventCountry "CAN"]
[SourceTitle "EXT 2011"]
[Source "ChessBase"]
[SourceDate "2011.11.26"]
[SourceVersion "1"]
[SourceVersionDate "2011.11.26"]
[SourceQuality "1"]

1. e4 c5 2. Nf3 d6 3. d4 cxd4 4. Nxd4 Nc6 5. Bb5 Bd7 6. Nc3 a6 7. Be2 Qb6 8. Nf3 h6 9. Nd5 Qa5+ 10. Bd2 Qd8 11. Be3 e6 12. Bb6 exd5 13. Bxd8 Rxd8 14. exd5 Ne5 15. O-O Nf6 16. Nxe5 dxe5 17. c4 Bc6 18. Qb3 Nxd5 19. cxd5 Bxd5 20. Qe3 Bd6 21. Rfd1 Bc6 22. Bf3 Ke7 23. Bxc6 bxc6 24. Qa7+ Ke6 25. Qxa6 c5 26. Rd2 Rd7 27. Qc4+ Ke7 28. Qh4+ Ke6 29. Rad1 Ra8 30. Qc4+ {..36} 1-0

[Event "Monarque noir-Tch"]
[Site "Gatineau CAN"]
[Date "2008.01.15"]
[Round "1"]
[White "Labelle, Raymond"]
[Black "Groleau, Gilles"]
[Result "0-1"]
[WhiteElo "1419"]
[BlackElo "1951"]
[PlyCount "82"]
[GameId "2160767910442534"]
[EventDate "2008.01.15"]
[EventType "team-swiss"]
[EventRounds "7"]
[EventCountry "CAN"]
[SourceTitle "EXT 2011"]
[Source "ChessBase"]
[SourceDate "2011.11.26"]
[SourceVersion "1"]
[SourceVersionDate "2011.11.26"]
[SourceQuality "1"]

1. e4 c5 2. Nf3 e6 3. d4 cxd4 4. Nxd4 Nf6 5. Nc3 d6 6. Bg5 Nc6 7. Nxc6 bxc6 8. e5 dxe5 9. Qxd8+ Kxd8 10. Ne4 Be7 11. Nxf6 Bxf6 12. Bxf6+ gxf6 13. O-O-O+ Kc7 14. Rd3 Ba6 15. Rd2 Bxf1 16. Rxf1 Rad8 17. Rfd1 f5 18. Rxd8 Rxd8 19. Rxd8 Kxd8 20. Kd2 Kd7 21. c4 Kd6 22. b4 e4 23. Ke3 Ke5 24. g3 h6 25. a4 h5 26. a5 Kd6 27. h3 e5 28. h4 a6 29. Kd2 Kc7 30. c5 Kd7 31. Ke3 Ke6 32. Kd2 Kd5 33. Kc3 f6 34. Kb3 f4 35. Kc3 f5 36. gxf4 exf4 37. Kd2 Kc4 38. Kc2 Kxb4 39. Kd2 Kxc5 40. Kc3 f3 41. Kd2 Kd4 0-1

[Event "Monarque noir-Tch"]
[Site "Gatineau CAN"]
[Date "2008.01.15"]
[Round "1"]
[White "Lacourse, Guy"]
[Black "Reitano, Michael"]
[Result "1-0"]
[WhiteElo "1583"]
[BlackElo "967"]
[PlyCount "61"]
[GameId "2160767910442535"]
[EventDate "2008.01.15"]
[EventType "team-swiss"]
[EventRounds "7"]
[EventCountry "CAN"]
[SourceTitle "EXT 2011"]
[Source "ChessBase"]
[SourceDate "2011.11.26"]
[SourceVersion "1"]
[SourceVersionDate "2011.11.26"]
[SourceQuality "1"]

1. d4 Nf6 2. Nf3 Nc6 3. c4 d5 4. cxd5 Nxd5 5. e4 Nf6 6. Nc3 Bg4 7. d5 Nb4 8. Qa4+ c6 9. Qxb4 g6 10. Qxb7 a6 11. Bxa6 Bg7 12. Qxc6+ Kf8 13. Be2 Bh5 14. O-O h6 15. h3 g5 16. e5 Nd7 17. g4 Bg6 18. e6 Nb6 19. Be3 Ra6 20. Bxa6 f6 21. Bxb6 Qb8 22. Bb5 Kg8 23. Bc7 Qa7 24. d6 exd6 25. e7 Kh7 26. Qxd6 h5 27. Bc4 Kh6 28. Nxg5 f5 29. gxf5 Kxg5 30. Qxg6+ Kh4 31. Qg3# 1-0

[Event "Monarque noir-Tch"]
[Site "Gatineau CAN"]
[Date "2008.01.15"]
[Round "1"]
[White "Laurin, Jacques"]
[Black "Berthiaume, Serge"]
[Result "1-0"]
[WhiteElo "1828"]
[BlackElo "1290"]
[PlyCount "85"]
[GameId "2160767910549032"]
[EventDate "2008.01.15"]
[EventType "team-swiss"]
[EventRounds "7"]
[EventCountry "CAN"]
[SourceTitle "EXT 2011"]
[Source "ChessBase"]
[SourceDate "2011.11.26"]
[SourceVersion "1"]
[SourceVersionDate "2011.11.26"]
[SourceQuality "1"]

1. c4 e5 2. g3 c6 3. Nc3 Nf6 4. Bg2 Bc5 5. e3 Qe7 6. Nge2 O-O 7. a3 a5 8. Na4 d5 9. d4 exd4 10. exd4 Bd6 11. Nb6 Ra6 12. Nxc8 Rxc8 13. c5 Bc7 14. O-O b6 15. Qc2 bxc5 16. dxc5 Nbd7 17. Be3 Bb8 18. Nd4 Qxc5 19. Qxc5 Nxc5 20. Nf5 Rc7 21. Bxc5 Ba7 22. Bd6 Rb7 23. Be5 Bb8 24. Bxf6 gxf6 25. Rfe1 Kf8 26. Re2 Be5 27. Rb1 a4 28. f4 Bc7 29. Rbe1 Ra8 30. Ne7 Bb6+ 31. Kf1 Rc7 32. Nxc6 d4 33. Nxd4 Rb8 34. Nc6 Rbc8 35. Rc2 Ba5 36. Ree2 Rd7 37. Nxa5 Rxc2 38. Rxc2 Ke7 39. Nc6+ Kf8 40. Nb8 Rd1+ 41. Ke2 Rb1 42. Bc6 Kg7 43. Bxa4 1-0

[Event "Monarque noir-Tch"]
[Site "Gatineau CAN"]
[Date "2008.01.15"]
[Round "1"]
[White "MacIsaac, Alexandre"]
[Black "Libersan, Mattieu"]
[Result "0-1"]
[WhiteElo "1323"]
[BlackElo "1828"]
[PlyCount "42"]
[GameId "2160767910549033"]
[EventDate "2008.01.15"]
[EventType "team-swiss"]
[EventRounds "7"]
[EventCountry "CAN"]
[SourceTitle "EXT 2011"]
[Source "ChessBase"]
[SourceDate "2011.11.26"]
[SourceVersion "1"]
[SourceVersionDate "2011.11.26"]
[SourceQuality "1"]

1. e4 e5 2. Nf3 f5 3. Nc3 fxe4 4. Nxe4 d5 5. Ng3 Nc6 6. d4 e4 7. Ne5 Nf6 8. f4 exf3 9. Nxf3 Bd6 10. Bb5 O-O 11. Bg5 Bg4 12. a3 Qe8+ 13. Ne2 Ne4 14. Qd3 Bxf3 15. gxf3 Nxg5 16. Rf1 Bf4 17. h4 Bg3+ 18. Kd2 Bxh4 19. f4 Ne4+ 20. Kc1 Qh5 21. Rh1 Nf2 0-1

[Event "Monarque noir-Tch"]
[Site "Gatineau CAN"]
[Date "2008.01.15"]
[Round "1"]
[White "Scantland, Patrick"]
[Black "Berthiaume, Patrick"]
[Result "1-0"]
[WhiteElo "1706"]
[BlackElo "1098"]
[PlyCount "59"]
[GameId "2160767910549034"]
[EventDate "2008.01.15"]
[EventType "team-swiss"]
[EventRounds "7"]
[EventCountry "CAN"]
[SourceTitle "EXT 2011"]
[Source "ChessBase"]
[SourceDate "2011.11.26"]
[SourceVersion "1"]
[SourceVersionDate "2011.11.26"]
[SourceQuality "1"]

1. e4 e5 2. Nf3 Nc6 3. Bb5 a6 4. Ba4 Nf6 5. O-O b5 6. Bb3 Nxe4 7. Re1 Nf6 8. Nxe5 Nxe5 9. Rxe5+ Be7 10. Qe2 d6 11. Re3 Ng4 12. Qf3 Nxe3 13. Qxf7+ Kd7 14. dxe3 Bb7 15. Be6+ Kc6 16. e4 Qf8 17. Bd5+ Kb6 18. Be3+ c5 19. Qh5 Qf6 20. Nc3 b4 21. Rb1 Kc7 22. Bxb7 Kxb7 23. Nd5 Qf8 24. Qg4 Rd8 25. Qe6 h6 26. Bxc5 Bf6 27. Nxb4 a5 28. Qd5+ Kb8 29. Na6+ Kc8 30. Qc6# 1-0

[Event "Monarque noir-Tch"]
[Site "Gatineau CAN"]
[Date "2008.01.15"]
[Round "1"]
[White "Sunatori, Evelyne"]
[Black "Thomson, Brad"]
[Result "0-1"]
[WhiteElo "1151"]
[BlackElo "1714"]
[PlyCount "88"]
[GameId "2160767910549035"]
[EventDate "2008.01.15"]
[EventType "team-swiss"]
[EventRounds "7"]
[EventCountry "CAN"]
[SourceTitle "EXT 2011"]
[Source "ChessBase"]
[SourceDate "2011.11.26"]
[SourceVersion "1"]
[SourceVersionDate "2011.11.26"]
[SourceQuality "1"]

1. e4 c5 2. Nc3 d6 3. Nf3 Nf6 4. Bb5+ Bd7 5. Bc4 e6 6. d4 cxd4 7. Nxd4 a6 8. Bg5 Be7 9. Nf3 Qc7 10. Qe2 Nc6 11. O-O O-O 12. Rfe1 Rac8 13. Qd2 b5 14. Bf1 Rfd8 15. Bf4 Be8 16. Qe3 Ng4 17. Qe2 Bf6 18. h3 Nge5 19. Rad1 Nxf3+ 20. Qxf3 Ne5 21. Qe3 b4 22. Bxa6 Ra8 23. Bxe5 Bxe5 24. Rd3 Rxa6 25. Rc1 bxc3 26. bxc3 Bb5 27. f4 Bxd3 28. cxd3 Bf6 29. d4 Rxa2 30. e5 Be7 31. Qd3 Qc6 32. Rc2 Rxc2 33. Qxc2 Rc8 34. Kh2 Qxc3 35. Qf2 dxe5 36. dxe5 Bc5 37. Qf1 Be3 38. Kg3 Rc4 39. Kh2 Bxf4+ 40. Kh1 Qc1 41. Qg1 Be3 42. Qxc1 Rxc1+ 43. Kh2 Bf4+ 44. g3 Bxe5 0-1

[Event "Monarque noir-Tch"]
[Site "Gatineau CAN"]
[Date "2008.01.22"]
[Round "2"]
[White "Ben Fredj, Haythem"]
[Black "Lacourse, Guy"]
[Result "1-0"]
[WhiteElo "2000"]
[BlackElo "1583"]
[PlyCount "97"]
[GameId "2160767910549036"]
[EventDate "2008.01.15"]
[EventType "team-swiss"]
[EventRounds "7"]
[EventCountry "CAN"]
[SourceTitle "EXT 2011"]
[Source "ChessBase"]
[SourceDate "2011.11.26"]
[SourceVersion "1"]
[SourceVersionDate "2011.11.26"]
[SourceQuality "1"]

1. d4 Nf6 2. c4 e6 3. Nf3 b6 4. g3 Bb7 5. Bg2 Bb4+ 6. Bd2 Be7 7. Nc3 O-O 8. Qc2 d5 9. Ne5 c6 10. O-O Nbd7 11. f4 Rc8 12. cxd5 exd5 13. Bh3 Rc7 14. Rac1 Nxe5 15. fxe5 Ne8 16. Bf4 Bg5 17. Qd2 Bxf4 18. Rxf4 Bc8 19. Bxc8 Qxc8 20. Qd3 g6 21. Rcf1 Ng7 22. e4 dxe4 23. Nxe4 Ne6 24. Rh4 Kg7 25. Qe3 h5 26. Nd6 Qd8 27. Rf6 Rd7 28. Rxh5 gxh5 29. Nf5+ Kg8 30. Qh6 Qxf6 31. Qxf6 b5 32. Qh4 Re8 33. Nd6 Rxd6 34. exd6 Rd8 35. Qxh5 Rxd6 36. h4 Rxd4 37. Qh6 c5 38. h5 Rg4 39. Kf2 Nd4 40. Qa6 Rg5 41. g4 f5 42. Qc8+ Kh7 43. Qc7+ Rg7 44. Qxc5 Rxg4 45. Qxa7+ Kh6 46. Qf7 Rf4+ 47. Ke3 Rg4 48. a3 Rg3+ 49. Kxd4 1-0

[Event "Monarque noir-Tch"]
[Site "Gatineau CAN"]
[Date "2008.01.22"]
[Round "2"]
[White "Berthiaume, Patrick"]
[Black "Labelle, Raymond"]
[Result "1-0"]
[WhiteElo "1098"]
[BlackElo "1419"]
[PlyCount "74"]
[GameId "2160767738598423"]
[EventDate "2008.01.15"]
[EventType "team-swiss"]
[EventRounds "7"]
[EventCountry "CAN"]
[SourceTitle "EXT 2011"]
[Source "ChessBase"]
[SourceDate "2011.11.26"]
[SourceVersion "1"]
[SourceVersionDate "2011.11.26"]
[SourceQuality "1"]

1. e4 e5 2. Nf3 Nc6 3. Bc4 Bc5 4. O-O Nf6 5. b3 Nxe4 6. Qe2 d5 7. Bb5 Qd6 8. d3 a6 9. Bxc6+ bxc6 10. dxe4 Bg4 11. Bb2 f6 12. Nbd2 O-O 13. h3 Bh5 14. Rad1 Qe7 15. Rfe1 f5 16. exf5 e4 17. g4 Be8 18. c4 Qf7 19. Nd4 Bd7 20. Nf1 Rfe8 21. Ng3 Re7 22. Kh2 Rae8 23. Qe3 Bd6 24. a3 c5 25. Nc2 d4 26. Nxd4 cxd4 27. Qxd4 Be5 28. Qd2 Bc6 29. Kg2 Bd6 30. b4 Rd7 31. Qe3 Qxc4 32. Kg1 Rde7 33. Qc3 Qb5 34. Nh5 Be5 35. Qb3+ Kf8 36. Bxe5 Rxe5 37. Qc3 Qb6 {..66} 1-0

[Event "Monarque noir-Tch"]
[Site "Gatineau CAN"]
[Date "2008.01.22"]
[Round "2"]
[White "Berthiaume, Serge"]
[Black "Arsenault, Yves"]
[Result "0-1"]
[WhiteElo "1290"]
[BlackElo "1503"]
[PlyCount "68"]
[GameId "2160767910549037"]
[EventDate "2008.01.15"]
[EventType "team-swiss"]
[EventRounds "7"]
[EventCountry "CAN"]
[SourceTitle "EXT 2011"]
[Source "ChessBase"]
[SourceDate "2011.11.26"]
[SourceVersion "1"]
[SourceVersionDate "2011.11.26"]
[SourceQuality "1"]

1. d4 e6 2. c4 Nf6 3. Nf3 b6 4. Nc3 Bb4 5. a3 Bxc3+ 6. bxc3 Bb7 7. e3 d6 8. Nd2 Nbd7 9. f3 c5 10. e4 Nh5 11. Nb3 Qh4+ 12. Kd2 Ng3 13. Rg1 Nxf1+ 14. Qxf1 Qxh2 15. Rh1 Qf4+ 16. Kc2 Qf6 17. Bd2 a5 18. a4 Rc8 19. Qe2 Ba6 20. Rh3 cxd4 21. Nxd4 Bxc4 22. Qe3 Ne5 23. f4 Nd3 24. Rf3 Ba6 25. Rb1 Nb4+ 26. Kd1 Rc4 27. Nc2 Nc6 28. Qxb6 Bc8 29. Rd3 Qe7 30. Nd4 Nxd4 31. Rxd4 Rxd4 32. cxd4 O-O 33. Qxa5 Bd7 34. Qc7 Bxa4+ 0-1

[Event "Monarque noir-Tch"]
[Site "Gatineau CAN"]
[Date "2008.01.22"]
[Round "2"]
[White "Cossette, Daniel"]
[Black "Laurin, Jacques"]
[Result "1-0"]
[WhiteElo "2125"]
[BlackElo "1828"]
[PlyCount "33"]
[GameId "2160767910549039"]
[EventDate "2008.01.15"]
[EventType "team-swiss"]
[EventRounds "7"]
[EventCountry "CAN"]
[SourceTitle "EXT 2011"]
[Source "ChessBase"]
[SourceDate "2011.11.26"]
[SourceVersion "1"]
[SourceVersionDate "2011.11.26"]
[SourceQuality "1"]

1. e4 d6 2. d4 Nf6 3. Nc3 c6 4. f4 Qa5 5. Bd2 Na6 6. Nd5 Qd8 7. Nxf6+ gxf6 8. Bc4 h5 9. Nf3 b5 10. Be2 h4 11. a4 b4 12. c3 Rb8 13. O-O Qb6 14. a5 Qc7 15. Qa4 e5 16. cxb4 exd4 17. Rfd1 1-0

[Event "Monarque noir-Tch"]
[Site "Gatineau CAN"]
[Date "2008.01.22"]
[Round "2"]
[White "Desjardins, Michel"]
[Black "Jani, Louis"]
[Result "1-0"]
[WhiteElo "1943"]
[BlackElo "1460"]
[PlyCount "38"]
[GameId "2160767910549041"]
[EventDate "2008.01.15"]
[EventType "team-swiss"]
[EventRounds "7"]
[EventCountry "CAN"]
[SourceTitle "EXT 2011"]
[Source "ChessBase"]
[SourceDate "2011.11.26"]
[SourceVersion "1"]
[SourceVersionDate "2011.11.26"]
[SourceQuality "1"]

1. e4 c5 2. Nc3 Nc6 3. g3 e6 4. Bg2 d6 5. d3 Bd7 6. f4 g6 7. Nge2 a6 8. Be3 Bg7 9. Qd2 Nd4 10. O-O Qa5 11. Rfe1 Rb8 12. Nc1 Qb4 13. Rb1 Ba4 14. Nxa4 Qxa4 15. c3 Nb5 16. e5 dxe5 17. fxe5 Bxe5 18. Bxc5 Nxc3 19. bxc3 Qd7 1-0

[Event "Monarque noir-Tch"]
[Site "Gatineau CAN"]
[Date "2008.01.22"]
[Round "2"]
[White "Groleau, Gilles"]
[Black "Scantland, Patrick"]
[Result "1-0"]
[WhiteElo "1951"]
[BlackElo "1706"]
[PlyCount "85"]
[GameId "2160767910549042"]
[EventDate "2008.01.15"]
[EventType "team-swiss"]
[EventRounds "7"]
[EventCountry "CAN"]
[SourceTitle "EXT 2011"]
[Source "ChessBase"]
[SourceDate "2011.11.26"]
[SourceVersion "1"]
[SourceVersionDate "2011.11.26"]
[SourceQuality "1"]

1. e4 c5 2. Nc3 Nc6 3. f4 d6 4. Nf3 g6 5. Bb5 Bg7 6. Bxc6+ bxc6 7. d3 e6 8. O-O Ne7 9. e5 d5 10. Na4 Qa5 11. c4 Nf5 12. b3 Bf8 13. Qe1 Qxe1 14. Nxe1 Be7 15. Ba3 O-O 16. Bxc5 Bxc5+ 17. Nxc5 a5 18. Nc2 Rd8 19. Rad1 h5 20. Kf2 Ng7 21. Nd4 Bd7 22. g3 Be8 23. h3 Nf5 24. Nxf5 exf5 25. Rfe1 Ra7 26. d4 Re7 27. h4 Ra8 28. Na4 Rb8 29. c5 Bd7 30. Ke3 Rb4 31. Nb6 Be6 32. Rb1 Rb7 33. Rb2 Kf8 34. Reb1 Ke8 35. Kd3 Kd8 36. Kc3 Kc7 37. a3 R4xb6 38. cxb6+ Rxb6 39. b4 axb4+ 40. Rxb4 Rxb4 41. Kxb4 Bc8 42. Kc5 Ba6 43. Rb6 1-0

[Event "Monarque noir-Tch"]
[Site "Gatineau CAN"]
[Date "2008.01.22"]
[Round "2"]
[White "Levesque, Andre"]
[Black "Sunatori, Evelyne"]
[Result "1-0"]
[WhiteElo "1429"]
[BlackElo "1151"]
[PlyCount "101"]
[GameId "2160767910549043"]
[EventDate "2008.01.15"]
[EventType "team-swiss"]
[EventRounds "7"]
[EventCountry "CAN"]
[SourceTitle "EXT 2011"]
[Source "ChessBase"]
[SourceDate "2011.11.26"]
[SourceVersion "1"]
[SourceVersionDate "2011.11.26"]
[SourceQuality "1"]

1. e4 e5 2. Nc3 Nf6 3. f4 d6 4. h3 Be7 5. Bc4 O-O 6. Nf3 Nfd7 7. O-O b6 8. Nd5 Bf6 9. Nxf6+ Qxf6 10. fxe5 Nxe5 11. Nxe5 Qxe5 12. d3 Qd4+ 13. Rf2 Nd7 14. c3 Qe5 15. Bf4 Qe7 16. Qd2 h6 17. Raf1 Nf6 18. Bxh6 d5 19. exd5 Ne8 20. Bg5 f6 21. d6+ Qf7 22. Bxf7+ Rxf7 23. Bh4 Nxd6 24. Bg3 Be6 25. b3 Raf8 26. c4 Kh7 27. Bxd6 cxd6 28. d4 d5 29. c5 bxc5 30. dxc5 Rc8 31. Rc1 Rd7 32. b4 a6 33. Qd3+ Kg8 34. Qxa6 Re8 35. c6 Rd6 36. b5 Bc8 37. Qa3 Rde6 38. b6 R8e7 39. b7 Bxb7 40. cxb7 Rxb7 41. Qa8+ Kf7 42. Qxb7+ Kg6 43. Qxd5 Re7 44. h4 Kh6 45. Rc8 Re1+ 46. Kh2 Kg6 47. Rh8 Re5 48. h5+ Kg5 49. Qd2+ Re3 50. Qxe3+ Kg4 51. Qf4# 1-0

[Event "Monarque noir-Tch"]
[Site "Gatineau CAN"]
[Date "2008.01.22"]
[Round "2"]
[White "Libersan, Mattieu"]
[Black "Arsenault, Michel"]
[Result "1/2-1/2"]
[WhiteElo "1828"]
[BlackElo "2006"]
[PlyCount "48"]
[GameId "2160767910549044"]
[EventDate "2008.01.15"]
[EventType "team-swiss"]
[EventRounds "7"]
[EventCountry "CAN"]
[SourceTitle "EXT 2011"]
[Source "ChessBase"]
[SourceDate "2011.11.26"]
[SourceVersion "1"]
[SourceVersionDate "2011.11.26"]
[SourceQuality "1"]

1. e4 c5 2. Nf3 e6 3. d4 cxd4 4. Nxd4 Nf6 5. Nc3 d6 6. Bc4 Be7 7. O-O O-O 8. Qf3 Qb6 9. Rd1 Nbd7 10. Qg3 Ne5 11. Bb3 a6 12. Bh6 Ng6 13. Be3 Qc7 14. Re1 b5 15. a3 Qb7 16. f4 Nh5 17. Qf3 Nhxf4 18. Bxf4 Nxf4 19. Qxf4 e5 20. Qf2 exd4 21. Bd5 Qb8 22. Ne2 Bb7 23. Nxd4 Bf6 24. Rad1 Bxd5 1/2-1/2

[Event "Monarque noir-Tch"]
[Site "Gatineau CAN"]
[Date "2008.01.22"]
[Round "2"]
[White "Thompson, Daniel"]
[Black "Guimond, Michel"]
[Result "1-0"]
[WhiteElo "1639"]
[BlackElo "1854"]
[PlyCount "27"]
[GameId "2160767910549045"]
[EventDate "2008.01.15"]
[EventType "team-swiss"]
[EventRounds "7"]
[EventCountry "CAN"]
[SourceTitle "EXT 2011"]
[Source "ChessBase"]
[SourceDate "2011.11.26"]
[SourceVersion "1"]
[SourceVersionDate "2011.11.26"]
[SourceQuality "1"]

1. d4 c5 2. d5 e5 3. c4 d6 4. e4 g6 5. Bd3 Bg7 6. Ne2 f5 7. exf5 gxf5 8. Ng3 e4 9. Qh5+ Kf8 10. Bc2 Nf6 11. Qh4 Qe8 12. Bf4 Qe7 13. Nc3 Nbd7 14. Nxf5 1-0